Statistics for Parallels - Major circles and Borders

Click here to take the quiz!

General Stats

  • This quiz has been taken 190 times
  • The average score is 116 of 204

Answer Stats

ANSWER% Correct
Canada
92%
United States
92%
Mexico
82%
Russia
80%
Argentina
72%
Brazil
69%
Chile
69%
Equator
62%
Arctic Circle
59%
DR Congo
59%
Peru
59%
Antarctic Circle
58%
California
58%
Egypt
58%
Sudan
58%
Texas
58%
Australia
57%
Bolivia
57%
New Mexico
57%
Kenya
56%
Nevada
56%
Quebec
56%
South Pole
56%
Washington
56%
Chad
55%
North Pole
55%
Tropic of Cancer
55%
Arizona
54%
Colorado
54%
Tropic of Capricorn
54%
Utah
54%
Kansas
53%
Libya
53%
Namibia
53%
New York
53%
Oregon
53%
Georgia
52%
Missouri
52%
Montana
52%
Nebraska
52%
South Dakota
52%
Tennessee
52%
Wyoming
52%
Alberta
51%
Angola
51%
Arkansas
51%
Mali
51%
Yukon
51%
Alabama
50%
Idaho
50%
Mississippi
50%
Oklahoma
50%
Tennessee
50%
Uganda
50%
Zambia
50%
British Columbia
49%
Kentucky
49%
Mauritania
49%
Minnesota
49%
Tanzania
49%
Botswana
48%
Ethiopia
48%
Florida
48%
Illinois
48%
Morocco
48%
Saskatchewan
48%
Iowa
47%
Mozambique
47%
Northwest Territories
47%
Wisconsin
47%
Zimbabwe
47%
Manitoba
46%
North Carolina
46%
Nunavut
46%
Pennsylvania
46%
Louisiana
44%
NewFoundland and Labrador
44%
Somalia
44%
Cameroon
42%
Gabon
42%
Equatorial Guinea
39%
North Korea
39%
South Korea
39%
Iran
38%
Iraq
38%
New Brunswick
36%
Northern
36%
Nicaragua
35%
New South Wales
34%
Honduras
33%
Queensland
33%
Guinea
30%
South Australia
25%
Northern Territory
24%
Sierra Leone
24%
Baja California
12%
Córdoba
9%
Baja California Sur
6%
La Pampa
6%
Chubut
5%
Mendoza
5%
Santa Fe
4%
Chaco
3%
Rio Negro
3%
San Luis
3%
Santa Cruz
3%
North Darfur
2%

Score Distribution

Percentile by Number Answered

Percent of People with Each Score

Your Score History

You have not taken this quiz